00366nam a22001337a 450000500170000000800410001704100130005808200120007110000130008324500450009626000350014130000300017665000260020620240507074411.0240507b |||||||| |||| 00| 0 eng d aEnglish  a349 LAW lEnglish  aThe Law Reports: Queen's Bench Division  aLondon: bTHE COUNCIL, c1954  bxiv, 505 pages; c25 cm.  aLegal practice bLaw